| 000 | 00510nam a22001817a 4500 | ||
|---|---|---|---|
| 003 | OSt | ||
| 005 | 20140310181840.0 | ||
| 008 | 130708t xxu||||| |||| 00| 0 eng d | ||
| 020 | _a0877792062 | ||
| 050 |
_aPE 1625 _b.W385 2002 |
||
| 082 |
_aREF 423 _bW39 2002 |
||
| 245 | _aWebster's third new international dictionary of the English language, unabridged / | ||
| 260 |
_aSpringfield, Mass : _bMerriam-Webster, _cc2002. |
||
| 300 | _a2662 p. : | ||
| 942 |
_2lcc _cBK |
||
| 999 |
_c4915 _d4915 |
||